| 000 | 01325cam a22003737a 4500 | ||
|---|---|---|---|
| 003 | CHAP | ||
| 005 | 20220329134004.0 | ||
| 008 | 971013s1982 r 00010 d | ||
| 010 | _a13663 | ||
| 011 | _a14635 | ||
| 035 | _a18709 | ||
| 040 | _cCHAP | ||
| 090 | _aTesis | ||
| 100 | 0 | 0 |
_aGonzález Camarillo, Marino. _948753 |
| 245 | 1 | 3 | _aEl cultivo de la sandía Citrullus lanatus (Thunb) bajo condiciones de sereno en la región Valles de Igual, Guerrero |
| 260 |
_aChapingo, Méx. : _bEl autor, _c1982 |
||
| 300 | _a208 h | ||
| 502 | _aTesis (Ing. Agr. Esp. en Fitotecnia) -- UACH. Departamento de Fitotecnia | ||
| 590 |
_aALEPH _b10 _c20130110 _lUCH01 _h1233 |
||
| 590 |
_aBATCH-UPD _b10 _c20130110 _lUCH01 _h0256 |
||
| 590 |
_aBATCH-UPD _b10 _c20130110 _lUCH01 _h1938 |
||
| 590 |
_aBATCH-UPD _b10 _c20130409 _lUCH01 _h2327 |
||
| 590 |
_aBATCH-UPD _b10 _c20130410 _lUCH01 _h1609 |
||
| 590 |
_aBATCH-UPD _b10 _c20130914 _lUCH01 _h2013 |
||
| 590 |
_aCONVERSION _b10 _c20130109 _lUCH01 _h1309 |
||
| 650 | 1 | 4 |
_aSandía _xEfecto del medio ambiente. _9102062 |
| 650 | 1 | 4 |
_aSandía _xGuerrero. _9102070 |
| 901 | _aBK | ||
| 942 | _cFOLL | ||
| 949 |
_bBC _cTES _d-43551 _eTS1 _i18709 _si |
||
| 949 |
_bBC _cTES _d-43552 _eTS2 _fc.2 _i18709 _si |
||
| 949 |
_bBC _cTES _d-43553 _eTS2 _fc.3 _i18709 _si |
||
| 949 |
_bBC _cTES _d-43554 _eTS2 _fc.4 _i18709 _si |
||
| 999 |
_c13663 _d13663 |
||